| 000 | 00815nam a2200253 a 4500 | ||
|---|---|---|---|
| 001 | 13439 | ||
| 003 | BD-JhCC | ||
| 005 | 20230924080105.0 | ||
| 008 | 171017s2022 bg |||| ||a| 00| 0 ben d | ||
| 020 | _a9789849625230 | ||
| 035 | _a(BD-JhCC) 13439 | ||
| 040 |
_aBD-JhCC _dBD-JhCC |
||
| 041 | _abengali | ||
| 082 | _bHAQ 2022 | ||
| 100 | _aহক, মোহসী | ||
| 111 | _4 যায়নাব,সালমা উম্মে | ||
| 245 |
_aছোটদের রোবটিকস / _cমোহসী হক, সহল ইসলাম , অর্ঘ্য অর্পণ। |
||
| 260 |
_aঢাকা: _bআদর্শ; _c2022. |
||
| 300 |
_a174 p. : _c22 cm. |
||
| 651 | _aRobotics | ||
| 700 | _aইসলাম, সহল | ||
| 700 | _aঅর্পণ,অর্ঘ্য | ||
| 942 |
_2ddc _cBK |
||
| 999 |
_c13439 _d13439 |
||